Postihují konjunkturní salda skutečnost

Podrobnejšie porovnanie výsledkov konjunkturálneho prieskumu s dosiahnutými indexmi za priemyselnú a stavebnú výrobu Česka za štvrťroky r.1991-1993.

Gespeichert in:
Bibliographische Detailangaben
1. Verfasser: Jílek, Josef
Format: Buchkapitel
Sprache:Tschechisch
Schlagworte:
Tags: Tag hinzufügen
Keine Tags, Fügen Sie das erste Tag hinzu!

MARC

LEADER 00000naa a2200000 4500
001 r015699
005 20221205091043.0
041 0 |a cze 
044 |a CZ 
245 1 0 |a Postihují konjunkturní salda skutečnost  |c J. Jílek 
520 |a Podrobnejšie porovnanie výsledkov konjunkturálneho prieskumu s dosiahnutými indexmi za priemyselnú a stavebnú výrobu Česka za štvrťroky r.1991-1993. 
610 2 0 |a analýza komparatívna 
610 2 0 |a konjunktúra 
610 2 0 |a priemysel 
610 2 0 |a stavebníctvo 
610 2 0 |a Česko 
610 2 0 |a 1991-1993 
610 2 0 |a indexy 
610 2 0 |a metódy matematicko-štatistické 
100 1 |a Jílek, Josef